|
|
|
|
| LEADER |
00000nas a2200000 i 4500 |
| 001 |
ssj0001366297 |
| 003 |
WaSeSS |
| 005 |
20200512172242.0 |
| 006 |
m d |
| 007 |
cr n |
| 008 |
141025c20uu9999xv qr p|s|||||| |0slv d |
| 022 |
|
|
|a 1580-9803
|l 1580-979X
|y 1580-979X
|
| 035 |
|
|
|a (WaSeSS)ssj0001366297
|
| 040 |
|
|
|a WaSeSS
|b eng
|c WaSeSS
|d WaSeSS
|
| 050 |
|
4 |
|a Z699.4.L2
|
| 222 |
|
0 |
|a Organizacija znanja
|b (Spletna izd.)
|
| 245 |
0 |
0 |
|a Organizacija znanja
|h [electronic resource].
|
| 260 |
|
|
|a Maribor, Slovenia :
|b Institut informacijskih znanosti
|
| 310 |
|
|
|a Quarterly
|
| 506 |
|
|
|a License restrictions may limit access.
|
| 588 |
|
|
|a Description based on: 2011; title from article pdf (ProQuest, viewed Oct. 25, 2014).
|
| 588 |
|
|
|a Latest issue consulted: 2013 (viewed Oct. 25, 2014).
|
| 650 |
|
0 |
|a LIBRIS (Information retrieval system)
|v Periodicals.
|
| 650 |
|
0 |
|a Libraries
|x Automation
|v Periodicals.
|
| 655 |
|
0 |
|a Electronic journals.
|
| 776 |
0 |
8 |
|i Print version:
|t Organizacija znanja
|x 1580-979X
|
| 780 |
1 |
0 |
|t COBISS obvestila (Online)
|x 1408-8134
|
| 856 |
4 |
0 |
|z Full text available from Research Library: 01/01/2011 to present
|u https://search.proquest.com/publication/676304
|